000 00564nam a2200229 a 4500
001 0001-1371
003 ELIB.Books
008 160712 2010 eng
020 _aKBTS
035 _a(ELIB.Books)0001-1526
092 _a248
_bWar
100 _aWarren, Rick.
245 _aDaily Inspiration for the Purpose Driven Life
260 _aGrand Rapids.
_bZondervan
_c2003
300 _a285
_c17 Cm
650 _aChristian Life
856 _nKBTS Library
_uElib
942 _2ddc
_cBK
990 _a1
998 _cbat
_e2016-07-12
999 _c11371
_d11371